000 00222nam a22001097a 4500
003 OSt
008 241205b |||||||| |||| 00| 0 eng d
041 _aeng
100 _aUroob
_94296
245 _aMughammoodikal
942 _cBK
999 _c18276
_d18276